| 000 | 01211nam a2200325 a 4500 | ||
|---|---|---|---|
| 001 | 000115428 | ||
| 003 | CHAP | ||
| 005 | 20220329144534.0 | ||
| 008 | 190521s2018 mx a |sm |||||||spa d | ||
| 010 | _a111889 | ||
| 011 | _a112861 | ||
| 040 | _cCHAP | ||
| 090 | _aTesis | ||
| 100 | 1 |
_aSánchez López, Jhony. _9135683 |
|
| 245 | 1 | 0 |
_aEnsayo de rendimiento de (Vicia villosa Roth) mejorada en monocultivo o asociada con cereales forrajeros en el invierno _h[En línea] _cpor Jhony Sánchez López y Omar Ruíz López. |
| 260 |
_aChapingo, Méx. : _bEl autor, _c2018. |
||
| 500 | _aPara ver el contenido del material haga clic en la liga | ||
| 502 | _aTesis (Ing. Agr. Esp. en Zootecnia) -- UACH. Departamento de Zootecnia | ||
| 590 |
_aBATCH-UPD _b05 _c20190521 _lUCH01 _h1428 |
||
| 590 |
_aE6339RRR _b05 _c20190521 _lUCH01 _h1427 |
||
| 590 |
_aE6339RRR _b05 _c20190521 _lUCH01 _h1429 |
||
| 650 | 1 | 4 |
_aCultivos asociados. _930370 |
| 650 | 1 | 4 |
_aVeza como forraje _xValor nutritivo. _9133125 |
| 650 | 1 | 4 |
_aVeza _xEspaciamiento. _9119029 |
| 700 | 1 |
_aRuiz López, Omar. _9135684 |
|
| 856 |
_aFinding aid _uhttp://10.13.5.2/tesis/sist115428.pdf _zTeclea aquí |
||
| 901 | _aBK | ||
| 942 | _cTESIS | ||
| 942 | _n0 | ||
| 999 |
_c111889 _d111889 |
||